| 000 | 00359nam a22001457a 4500 | ||
|---|---|---|---|
| 005 | 20260306111021.0 | ||
| 008 | 260306b |||||||| |||| 00| 0 eng d | ||
| 020 | _a978-80-273-3236-6 | ||
| 050 |
_aPS 3513 .I282 B7 2019 _b1 |
||
| 100 | _aGIBRAN,KAHLIL | ||
| 245 | _aTHE BROKEN WINGS | ||
| 300 | _a85P;ILL | ||
| 650 | _aTHE BROKEN WINGS | ||
| 942 |
_2lcc _cBK |
||
| 999 |
_c216803 _d216803 |
||